MARC

LEADER 00000nam0a2200000 4500
001 167562
005 20231031162829.0
010 |a 503001408X 
020 |a RU  |b 91-23612 
035 |a (RuTPU)RU\TPU\book\181784 
090 |a 167562 
100 |a 20091016d1991 km y0rusy5003 ca 
101 1 |a rus  |c fre 
102 |a RU 
105 |a a z 001zy 
200 1 |a Системы искусственного интеллекта  |f пер. с фр.  |f Ж.-Л. Лорьер 
210 |a Москва  |c Мир  |d 1991 
215 |a 568 с.  |c ил. 
320 |a Библиогр.: с. 546-564. 
320 |a Предм. указ.: с. 565-566. 
610 1 |a искусственный интеллект 
610 1 |a история 
610 1 |a языки программирования 
610 1 |a информатика 
610 1 |a восприятие 
610 1 |a распознавание образов 
610 1 |a Лисп 
610 1 |a формальные системы 
610 1 |a решение задач 
610 1 |a игровые программы 
610 1 |a экспертные системы 
675 |a 681.5  |z rus 
700 1 |a Лорьер  |b Ж.-Л.  |g Жан-Луи 
801 0 |a RU  |b RuMRKP  |c 19950417  |g psbo 
801 1 |a RU  |b 63413507  |c 20091016 
801 2 |a RU  |b 63413507  |c 20140526  |g RCR 
942 |c BK